| 000 | 00710cam a22002534a 4500 | ||
|---|---|---|---|
| 999 |
_c2435 _d2435 |
||
| 001 | 19029 | ||
| 003 | BD-DhUAP | ||
| 005 | 20200224181535.0 | ||
| 008 | 200224t20071913ii a 000 0beng | ||
| 020 | _a812061982X | ||
| 040 |
_aDLC _cDLC _dBD-DhUAP |
||
| 041 | 1 |
_aeng _hspa |
|
| 042 | _apcc | ||
| 043 | _an-us-il | ||
| 082 | 0 | 0 |
_a712.0954 STU _223 |
| 100 | _aStuart, C.M. Villiers. | ||
| 245 | 1 | 0 |
_aGardens of the great Mughals / _cC.M. Villiers Stuart. |
| 260 |
_aNew Delhi : _bAsian Educational Services, _cc1913 [Reprinted 2007]. |
||
| 300 |
_axviii, 290 pages : _billustrations ; _c21 cm. |
||
| 650 | _aGardens. | ||
| 650 | _aGardens, Mogul Empire. | ||
| 650 | _aIslamic gardens. | ||
| 942 |
_2ddc _cBK |
||